000
00298nam a22001217a 4500
005
20250911124737.0
008
250911b |||||||| |||| 00| 0 eng d
041
_a
eng
245
_a
PHYSICS: COMPUTER & ELECTRONICS BRANCH -I SEM
260
_a
PATNA
_b
ADITYA PRAKASHAN
300
_a
222;P
942
_c
BK
999
_c
8824
_d
8822